|
|
|
|
| LEADER |
00000nam a2200000 a 4500 |
| 001 |
vtls008351990 |
| 003 |
SK-MaSNL |
| 005 |
20260301075229.0 |
| 008 |
240509s1959 xo 000 slo |
| 015 |
|
|
|a SKSNBA1959/12-01854
|
| 035 |
|
|
|a SK01SNK19590044207
|
| 035 |
|
|
|a SKM000046670
|
| 040 |
|
|
|a SNK
|b slo
|c SNK
|e AACR2
|
| 041 |
0 |
|
|a slo
|
| 044 |
|
|
|a xo
|c SK
|
| 080 |
|
|
|a 301.15-058.234:330.341.14(075.8)
|2 1981
|
| 080 |
|
|
|a 330.341.14(075.8):301.15-058.234
|2 1981
|
| 080 |
|
|
|a 141.82(075.8)
|2 1981
|
| 100 |
1 |
|
|a Kútik, Vincent,
|d 1917-1995
|4 aut
|9 219508
|
| 245 |
1 |
0 |
|a Vedecký komunizmus
|n 3.[diel.]
|p Roľnícka otázka v období kapitalizmu
|c [autor:] Vincent Kútik
|
| 260 |
|
|
|a Bratislava
|b SVTL
|b SVŠT
|c 1959
|e Bratislava
|f Západoslovenské tlačiarne
|
| 300 |
|
|
|a 50, [1] s.
|c 8°
|
| 490 |
1 |
|
|a Dočasné vysokoškolské učebnice
|v zv. 364
|
| 500 |
|
|
|a Lit.
|
| 500 |
|
|
|a Vyd. Slov. vys. škola techn., Bratislava v SVTL
|
| 563 |
|
|
|a 1070 výtl.
|
| 650 |
0 |
7 |
|a roľníctvo
|x kapitalizmus
|2 SNK
|9 399049
|
| 650 |
0 |
7 |
|a kapitalizmus
|x otázka roľnícka
|2 SNK
|9 399050
|
| 655 |
|
7 |
|a Textbooks (higher)
|2 SNKPHeng
|9 276436
|
| 655 |
|
7 |
|a učebnice vysokých škôl
|2 SNKPH
|9 70191
|
| 655 |
|
7 |
|a učebnice
|2 SNKPH
|9 22521
|
| 830 |
|
0 |
|a Dočasné vysokoškolské učebnice
|9 278602
|
| 852 |
|
|
|a Slovenská národná knižnica v Martine
|b 10000
|h SD 16831
|
| 852 |
|
|
|a Slovenská národná knižnica v Martine
|b 10000
|h SD 16831 D1
|
| 919 |
|
|
|a brož.
|
| 958 |
|
|
|a OND
|
| 958 |
|
|
|a RK
|
| 958 |
|
|
|a TL
|
| 958 |
|
|
|a UV
|
| 958 |
|
|
|a NB
|
| 999 |
|
|
|c 649549
|d 651479
|
| 952 |
|
|
|a SNK
|b SNK
|y PREZ
|7 0
|p 17A0606992
|o snkSD 16831/3
|i snkKSP 1987/59
|0 0
|1 0
|4 0
|d 2009-01-27
|l 0
|r 2025-12-01 00:00:00
|w 2026-02-23
|